[Event "Tenerife-chT Primera"]
[Site "Tenerife"]
[Date "2022.02.12"]
[Round "3.2"]
[White "Rodriguez Garcia, Joel I"]
[Black "Baez Luis, Adrian"]
[Result "0-1"]
[WhiteElo "1302"]
[BlackElo "1656"]
[PlyCount "70"]
[EventDate "2022.01.29"]
[EventType "team-tourn"]
[EventRounds "14"]
[EventCountry "ESP"]
[SourceTitle "EXT 2024"]
[Source "ChessBase"]
[SourceDate "2023.10.10"]
[SourceVersion "1"]
[SourceVersionDate "2023.10.10"]
[SourceQuality "1"]
[WhiteTeam "Santa Ursula Badnor"]
[BlackTeam "Ebano Barrio Nuevo II"]
[WhiteTeamCountry "ESP"]
[BlackTeamCountry "ESP"]

1. e4 c5 2. Nf3 d6 3. d4 cxd4 4. Nxd4 Nf6 5. Nc3 a6 6. Be2 e5 7. Nf3 Be6 8. Bg5 Nbd7 9. h3 Rc8 10. Bh4 Be7 11. Ng5 Bc4 12. Bxc4 Rxc4 13. Qd3 b5 14. Nf3 Nc5 15. Qd1 Ncxe4 16. 0-0 Nxc3 17. bxc3 Rxc3 18. Qe2 Qc7 19. Rac1 Nd5 20. Bg3 Nb4 21. Qe4 Rc4 22. Qe2 Nxa2 23. Rce1 Rxc2 24. Qe4 Rc4 25. Qf5 g6 26. Qb1 Nc3 27. Qb3 0-0 28. Bxe5 dxe5 29. Nxe5 Re4 30. Ng4 Rxe1 31. Rxe1 h5 32. Ne5 Kg7 33. f4 Bf6 34. Nd3 Qc4 35. Qc2 Rd8 0-1

[Event "Tenerife-chT Primera 1819"]
[Site "Tenerife"]
[Date "2018.12.15"]
[Round "3.3"]
[White "Hernandez Cabrera, Javier"]
[Black "Baez Luis, Adrian"]
[Result "1-0"]
[WhiteElo "1573"]
[BlackElo "1667"]
[PlyCount "78"]
[EventDate "2018.11.24"]
[EventType "team-tourn"]
[EventRounds "14"]
[EventCountry "ESP"]
[SourceTitle "CBM 189 Extra"]
[Source "ChessBase"]
[SourceDate "2019.05.31"]
[SourceVersion "1"]
[SourceVersionDate "2019.05.31"]
[SourceQuality "1"]
[WhiteTeam "Al Shah Mat Los Realejos"]
[BlackTeam "El Sauzal Libreria Barco"]
[WhiteTeamCountry "ESP"]
[BlackTeamCountry "ESP"]

1. e4 c5 2. Nf3 d6 3. d4 cxd4 4. Nxd4 Nf6 5. Nc3 a6 6. Be2 e5 7. Nb3 Be6 8. Be3 Nbd7 9. 0-0 Rc8 10. Qd2 Be7 11. f3 Nb6 12. Rad1 0-0 13. Kh1 Nc4 14. Bxc4 Bxc4 15. Rf2 Qd7 16. g4 Rfd8 17. g5 Ne8 18. Bb6 Nc7 19. Na5 Qe6 20. b3 Bb5 21. Nd5 Nxd5 22. exd5 Qf5 23. Bxd8 Bxd8 24. c4 Bxg5 25. Qd3 Bd7 26. Nxb7 Qf6 27. Qc3 Bh4 28. Rg2 Bh3 29. Re2 Rb8 30. Na5 Qf5 31. Nc6 Re8 32. Qd3 Qf6 33. Nb4 Bf5 34. Qc3 Qh6 35. Nc2 e4 36. Rde1 Bh3 37. Rg1 Re5 38. Qb4 g5 39. Nd4 Qf6 1-0

[Event "Canarias-ch U18"]
[Site "Santa Cruz de Tenerife"]
[Date "2018.05.13"]
[Round "6"]
[White "Baez Luis, Adrian"]
[Black "Cruz Paz, Victor"]
[Result "1-0"]
[WhiteElo "1650"]
[BlackElo "1037"]
[PlyCount "50"]
[EventDate "2018.05.10"]
[EventType "swiss"]
[EventRounds "6"]
[EventCountry "ESP"]
[SourceTitle "EXT 2022"]
[Source "ChessBase"]
[SourceDate "2021.10.06"]
[SourceVersion "1"]
[SourceVersionDate "2021.10.06"]
[SourceQuality "1"]

1. e4 c5 2. Nf3 g6 3. d4 cxd4 4. Nxd4 Bg7 5. Nc3 Nc6 6. Be3 Nf6 7. Be2 0-0 8. Qd2 d6 9. f3 Qc7 10. 0-0-0 Bd7 11. Nxc6 Bxc6 12. Bh6 Rac8 13. Bxg7 Kxg7 14. Kb1 Rfd8 15. g4 Qa5 16. g5 Ne8 17. h4 Nc7 18. h5 Ne6 19. hxg6 hxg6 20. f4 Qb4 21. a3 Qc5 22. Bd3 d5 23. exd5 Bxd5 24. Nxd5 Rxd5 25. Qh2 Rg8 1-0

[Event "Tenerife-chT Segunda 1718"]
[Site "Tenerife"]
[Date "2018.03.10"]
[Round "12.3"]
[White "Baez Luis, Adrian"]
[Black "Cordero Alamo, Ramon"]
[Result "1-0"]
[WhiteElo "1411"]
[BlackElo "1394"]
[PlyCount "108"]
[EventDate "2017.11.11"]
[EventType "team-tourn"]
[EventRounds "14"]
[EventCountry "ESP"]
[SourceTitle "EXT 2019"]
[Source "ChessBase"]
[SourceDate "2018.10.10"]
[SourceVersion "1"]
[SourceVersionDate "2018.10.10"]
[SourceQuality "1"]
[WhiteTeam "La Victoria 94 "]
[BlackTeam "Ebano Casa Venezuela"]
[WhiteTeamCountry "ESP"]
[BlackTeamCountry "ESP"]

1. e4 e6 2. d4 d5 3. Bd3 dxe4 4. Bxe4 Nf6 5. Bf3 c5 6. Ne2 Nc6 7. Bxc6+ bxc6 8. c4 cxd4 9. Qxd4 Qxd4 10. Nxd4 Bb7 11. 0-0 Bc5 12. Nb3 Bb6 13. c5 Bc7 14. Rd1 Rd8 15. Rxd8+ Bxd8 16. Na3 0-0 17. Bf4 Nd5 18. Bg3 Bf6 19. Nc4 Be7 20. Bd6 Bxd6 21. Nxd6 Bc8 22. Na5 Bd7 23. Nac4 f6 24. Rd1 e5 25. Ne3 Nxe3 26. fxe3 Be6 27. b3 f5 28. e4 fxe4 29. Nxe4 Bd5 30. Nc3 Rd8 31. Nxd5 cxd5 32. c6 Rc8 33. Rxd5 Rxc6 34. Rxe5 Rc2 35. a4 Kf7 36. Rb5 Rc7 37. a5 Ke7 38. a6 Kd7 39. Kf2 Kc6 40. Rb4 Kc5 41. Rb8 Rc6 42. b4+ Kd6 43. b5 Rc2+ 44. Kg3 Rc3+ 45. Kf4 Rc7 46. Ke4 Rc4+ 47. Kd3 Rc7 48. Kd4 Rd7 49. Kc4 Rc7+ 50. Kb4 Re7 51. Ka5 h5 52. h4 g6 53. g3 Kd7 54. b6 Kc6 1-0

[Event "Tenerife-chT Segunda 1718"]
[Site "Tenerife"]
[Date "2018.02.24"]
[Round "10.4"]
[White "Negrin Mendoza, Alejandro"]
[Black "Baez Luis, Adrian"]
[Result "0-1"]
[WhiteElo "1564"]
[BlackElo "1411"]
[PlyCount "44"]
[EventDate "2017.11.11"]
[EventType "team-tourn"]
[EventRounds "14"]
[EventCountry "ESP"]
[SourceTitle "EXT 2019"]
[Source "ChessBase"]
[SourceDate "2018.10.10"]
[SourceVersion "1"]
[SourceVersionDate "2018.10.10"]
[SourceQuality "1"]
[WhiteTeam "Benito"]
[BlackTeam "La Victoria 94 "]
[WhiteTeamCountry "ESP"]
[BlackTeamCountry "ESP"]

1. Nf3 c5 2. c4 g6 3. g3 Bg7 4. Bg2 Nc6 5. d3 Nf6 6. Nbd2 d5 7. cxd5 Nxd5 8. a3 0-0 9. Qc2 Qa5 10. 0-0 Bd7 11. Rb1 Rac8 12. Ng5 Nd4 13. Nc4 Qc7 14. Qd2 Bc6 15. e4 Nb6 16. Nxb6 Qxb6 17. b4 cxb4 18. Rxb4 Qa6 19. f4 Bb5 20. Bb2 Rfd8 21. Bxd4 Bxd4+ 22. Kh1 Bxd3 0-1

[Event "Tenerife-chT Segunda 1718"]
[Site "Tenerife"]
[Date "2018.02.10"]
[Round "9.3"]
[White "Cruz Paz, Victor"]
[Black "Baez Luis, Adrian"]
[Result "0-1"]
[WhiteElo "1018"]
[BlackElo "1411"]
[PlyCount "103"]
[EventDate "2017.11.11"]
[EventType "team-tourn"]
[EventRounds "14"]
[EventCountry "ESP"]
[SourceTitle "EXT 2019"]
[Source "ChessBase"]
[SourceDate "2018.10.10"]
[SourceVersion "1"]
[SourceVersionDate "2018.10.10"]
[SourceQuality "1"]
[WhiteTeam "Playa San Juan"]
[BlackTeam "La Victoria 94 "]
[WhiteTeamCountry "ESP"]
[BlackTeamCountry "ESP"]

1. d4 Nf6 2. Bf4 d5 3. e3 e6 4. Nd2 c5 5. c3 Nc6 6. Ngf3 Bd6 7. Bg3 0-0 8. Bd3 b6 9. Qe2 Bb7 10. Bxd6 Qxd6 11. e4 dxe4 12. Nxe4 Nxe4 13. Bxe4 cxd4 14. Rd1 e5 15. Qd3 Rad8 16. cxd4 Qb4+ 17. Qd2 Qxd2+ 18. Rxd2 exd4 19. 0-0 Rfe8 20. Bxc6 Bxc6 21. Nxd4 Re4 22. Rfd1 Rde8 23. h3 Re1+ 24. Rxe1 Rxe1+ 25. Kh2 Be8 26. Nf3 Re6 27. Rc2 f6 28. h4 Kf8 29. Kg3 Rc6 30. Re2 Bd7 31. Rd2 Ke7 32. Kf4 Rc4+ 33. Ke3 Bc6 34. g3 Re4+ 35. Kd3 Ra4 36. b3 Ra5 37. Nd4 Bb7 38. Rc2 Rd5 39. Ke3 Re5+ 40. Kd3 Be4+ 41. Kd2 Rd5 42. Rc4 b5 43. Rc7+ Kd6 44. Rc6+ Kd7 45. Ke3 Rxd4 46. Kxd4 Bxc6 47. a3 a5 48. Kc5 g5 49. f4 h6 50. hxg5 hxg5 51. fxg5 fxg5 52. b4 0-1

[Event "Tenerife-chT Segunda 1718"]
[Site "Tenerife"]
[Date "2018.01.20"]
[Round "7.2"]
[White "Baez Luis, Adrian"]
[Black "Diaz Reyes, Franklin"]
[Result "1-0"]
[WhiteElo "1411"]
[BlackElo "1451"]
[PlyCount "101"]
[EventDate "2017.11.11"]
[EventType "team-tourn"]
[EventRounds "14"]
[EventCountry "ESP"]
[SourceTitle "EXT 2019"]
[Source "ChessBase"]
[SourceDate "2018.10.10"]
[SourceVersion "1"]
[SourceVersionDate "2018.10.10"]
[SourceQuality "1"]
[WhiteTeam "La Victoria 94 "]
[BlackTeam "Fundacion La Caja de Canarias"]
[WhiteTeamCountry "ESP"]
[BlackTeamCountry "ESP"]

1. e4 e6 2. d4 d5 3. Bd3 dxe4 4. Bxe4 Nf6 5. Bf3 c5 6. Ne2 Nc6 7. Bxc6+ bxc6 8. 0-0 Ba6 9. Re1 Bxe2 10. Qxe2 Qxd4 11. Nc3 Qd6 12. Be3 Nd5 13. Ne4 Qb8 14. Qa6 Qb6 15. Qa3 Nxe3 16. Rxe3 c4 17. Qc3 Rc8 18. Rd1 Qb4 19. Qd4 Qe7 20. Qxc4 Qc7 21. Red3 Be7 22. Nd6+ Bxd6 23. Rxd6 0-0 24. Rd7 Rfd8 25. Qxc6 Rxd7 26. Qxd7 Kf8 27. Qxc7 Rxc7 28. c3 Rb7 29. Rd2 Ke7 30. f4 Kf6 31. Kf2 Kf5 32. Kf3 g5 33. g4+ Kg6 34. fxg5 Kxg5 35. c4 Rc7 36. Rd4 Rc5 37. b4 Rc6 38. c5 Ra6 39. Rd2 Ra3+ 40. Ke2 Kxg4 41. c6 Rc3 42. b5 Rc5 43. Rd4+ Kf5 44. a4 e5 45. Rd7 a6 46. Rb7 axb5 47. axb5 Ke6 48. c7 Kd7 49. b6 Rc6 50. Rb8 f5 51. Rd8+ 1-0

[Event "Santa Cruz de Tenerife Autumn op"]
[Site "Santa Cruz de Tenerife"]
[Date "2017.10.09"]
[Round "1"]
[White "Perez Perez, Gabriel"]
[Black "Baez Luis, Adrian"]
[Result "1-0"]
[WhiteElo "2054"]
[BlackElo "1411"]
[PlyCount "101"]
[EventDate "2017.10.09"]
[EventType "swiss"]
[EventRounds "9"]
[EventCountry "ESP"]
[SourceTitle "CBM 181 Extra"]
[Source "ChessBase"]
[SourceDate "2017.12.12"]
[SourceVersion "1"]
[SourceVersionDate "2017.12.12"]
[SourceQuality "1"]

1. d4 Nf6 2. Nf3 g6 3. g3 c5 4. d5 d6 5. Bg2 Bg7 6. 0-0 0-0 7. c4 a6 8. Nc3 Nbd7 9. Re1 Ng4 10. h3 Nge5 11. Nd2 Nf6 12. f4 Ned7 13. e4 Qc7 14. Nf3 Ne8 15. Qe2 Rb8 16. e5 dxe5 17. fxe5 Qa5 18. e6 Ndf6 19. Bf4 Nd6 20. exf7+ Rxf7 21. Ng5 Rf8 22. Qxe7 Nf5 23. Qc7 Qxc7 24. Bxc7 Ra8 25. Ne6 Bxe6 26. dxe6 Rfe8 27. Na4 Nd4 28. Rad1 Nxe6 29. Bb6 Bf8 30. Bxb7 Rab8 31. Bxa6 Nd4 32. Kg2 Rxe1 33. Rxe1 Nd7 34. Bc7 Ra8 35. Bb7 Rxa4 36. Bd5+ Kg7 37. a3 Ra6 38. Re8 Bd6 39. Rd8 Bxc7 40. Rxd7+ Kh6 41. Rxc7 Rb6 42. Rb7 Rf6 43. h4 Nc2 44. Bg8 Ne3+ 45. Kh3 g5 46. Rxh7+ Kg6 47. h5+ Kf5 48. Rf7 g4+ 49. Kh2 Nf1+ 50. Kg2 Ne3+ 51. Kg1 1-0